駅名に「木津」を含む駅 - Statistics

General Stats
  • This quiz has been taken 94 times
  • The average score is 6 of 8
Answer Stats
Hint Answer % Correct
京都府 木津
100%
兵庫県 木津
100%
大阪府 木津川
96%
京都府 西木津
68%
京都府 木津川台
61%
愛知県 木津用水
60%
茨城県 小木津
48%
京都府 夕日ヶ浦木津温泉
27%
No matching quizzes found
Score Distribution
Percent of People with Each Score
Percentile by Number Answered
Your Score History
You have not taken this quiz